| 000 | 00516nam a22001577a 4500 | ||
|---|---|---|---|
| 020 | _qHard Cover. | ||
| 082 | _a621.381952 | ||
| 100 | _aTehreem, Amna | ||
| 245 |
_aPARALLEL ARCHITECTURES FOR DATA MINING AND MACHINE LEARNING ALGORITHMS by _cAmna Tahreem. |
||
| 260 |
_aIslamabad: _bCEME - NUST, _c2016. |
||
| 300 |
_a100 p.: ill.; _c30cm. |
||
| 650 |
_aComputer Engineering MS-Thesis. _916083 |
||
| 700 |
_aDr. Shoab Ahmad Khan _916279 |
||
| 942 |
_2ddc _cTHE |
||
| 999 |
_c529383 _d529383 |
||